[Event "Marmaris Karya IM 2018"]
[Site "Marmaris"]
[Date "2018.06.29"]
[Round "8.2"]
[White "Bivol, Alina"]
[Black "Dedebas, Emre Emin"]
[Result "1/2-1/2"]
[WhiteElo "2365"]
[BlackElo "2336"]
[Annotator "ChessBase"]
[PlyCount "39"]
[EventDate "2018.06.25"]
[EventCountry "TUR"]
[SourceTitle "playchess.com"]
[Source "ChessBase"]
[SourceQuality "1"]
[TimeControl "5400+30"]

1. Nf3 {[%emt 0:00:30]} Nf6 {[%emt 0:00:30]} 2. g3 {[%emt 0:00:00]} d5 {[%emt 0:00:00]} 3. Bg2 {[%emt 0:00:00]} c6 {[%emt 0:00:00]} 4. O-O {[%emt 0:00:00]} Bg4 {[%emt 0:00:00]} 5. d3 {[%emt 0:00:00]} Nbd7 {[%emt 0:00:00]} 6. h3 {[%emt 0:00:30]} Bh5 {[%emt 0:00:00]} 7. Qe1 {[%emt 0:00:00]} e5 {[%emt 0:00:00]} 8. e4 {[%emt 0:00:00]} dxe4 {[%emt 0:00:00]} 9. dxe4 {[%emt 0:00:00]} Bc5 {[%emt 0:00:00]} 10. a4 {[%emt 0:00:00]} a5 {[%emt 0:00:00]} 11. Na3 {[%emt 0:00:00]} O-O {[%emt 0:00:00]} 12. Nc4 {[%emt 0:00:00]} Re8 {[%emt 0:00:30]} 13. Nh4 {[%emt 0:01:30]} Bg6 {[%emt 0:00:00]} 14. Nf5 {[%emt 0:00:30]} Qc7 {[%emt 0:00:00]} 15. c3 {[%emt 0:00:00]} Nb6 {[%emt 0:00:30]} 16. Nce3 {[%emt 0:00:00]} Nbd7 {[%emt 0:00:00]} 17. Nc4 {[%emt 0:00:30]} Nb6 {[%emt 0:00:00]} 18. Nce3 {[%emt 0:00:00]} Nbd7 {[%emt 0:00:00]} 19. Nc4 {[%emt 0:00:00]} Nb6 {[%emt 0:00:00]} 20. Nce3 {[%emt 0:00:30]} 1/2-1/2

[Event "Marmaris Karya IM 2018"]
[Site "Marmaris"]
[Date "2018.06.28"]
[Round "8.3"]
[White "Darban, Morteza"]
[Black "Tanriverdi, Enes"]
[Result "1/2-1/2"]
[WhiteElo "2312"]
[BlackElo "2281"]
[Annotator "NA"]
[PlyCount "125"]
[EventDate "2018.06.25"]
[EventCountry "TUR"]
[SourceTitle "playchess.com"]
[Source "ChessBase"]
[SourceQuality "1"]
[TimeControl "5400+30"]

1. e4 {[%emt 0:01:30]} c5 {[%emt 0:00:30]} 2. Nf3 {[%emt 0:00:30]} e6 {[%emt 0:00:00]} 3. c3 {[%emt 0:00:30]} d5 {[%emt 0:00:00]} 4. exd5 {[%emt 0:00:30]} Qxd5 {[%emt 0:00:00]} 5. d4 {[%emt 0:00:00]} Nf6 {[%emt 0:00:00]} 6. Be3 {[%emt 0:01:00] LiveBook: 955 Games} cxd4 {[%emt 0:00:00]} 7. cxd4 {[%emt 0:00:00]} Bb4+ {[%emt 0:00:00]} 8. Nc3 {[%emt 0:00:00] B22: Sicilian: 2 c3} O-O {[%emt 0:00:30]} 9. Bd3 {[%emt 0:02:30]} (9. Be2 Nbd7 10. O-O Bxc3 11. bxc3 b6 12. Nd2 Qd6 13. Bf3 Rb8 14. c4 Bb7 15. Bxb7 Rxb7 {1-0 (36) Finkel,A (2511)-Navara,D (2725) Tallinn 2016}) 9... b6 {[%emt 0:00:00]} 10. O-O {[%emt 0:03:30]} Bxc3 {[%emt 0:01:00]} 11. bxc3 {[%emt 0:00:30]} Ba6 {[%emt 0:00:00]} 12. Bxa6 {[%emt 0:08:30]} Nxa6 {[%emt 0:00:00]} 13. Qa4 {[%emt 0:00:00]} Qb7 {[%emt 0:02:30] [#]} 14. Rfd1 $146 {[%emt 0:03:00]} ({Predecessor:} 14. c4 Nb8 15. Rfd1 Nbd7 {½-½ (15) Vajda,L (2581)-Banusz,T (2621) Zalakaros 2016}) 14... Nb8 {[%emt 0:01:30]} 15. Qb3 {[%emt 0:02:30]} Nbd7 {[%emt 0:13:30]} 16. a4 $11 {[%emt 0:02:30]} Ne4 {[%emt 0:00:30]} 17. c4 {[%emt 0:00:00]} Rac8 {[%emt 0:15:30]} 18. Bf4 {[%emt 0:07:00]} Ndf6 {[%emt 0:17:30]} 19. h3 {[%emt 0:00:30]} Rfd8 {[%emt 0:01:30]} 20. a5 {[%emt 0:01:30]} h6 {[%emt 0:07:30]} 21. Rdc1 {[%emt 0:03:30]} g5 {[%emt 0:01:30]} 22. Be3 {[%emt 0:04:30]} Nd6 {[%emt 0:01:30]} 23. c5 {[%emt 0:06:30]} Nf5 {[%emt 0:02:30]} 24. axb6 {[%emt 0:08:30]} axb6 {[%emt 0:00:00]} 25. Qxb6 {[%emt 0:00:00]} Qxb6 {[%emt 0:01:00]} 26. cxb6 {[%emt 0:00:00]} Rxc1+ {[%emt 0:00:30]} 27. Rxc1 {[%emt 0:08:30]} Rb8 {[%emt 0:00:00]} 28. Rb1 {[%emt 0:01:30]} Nd5 {[%emt 0:00:00]} 29. b7 {[%emt 0:00:30]} Nd6 {[%emt 0:00:30]} 30. h4 {[%emt 0:00:30]} f6 {[%emt 0:00:30]} 31. hxg5 {[%emt 0:00:30]} hxg5 {[%emt 0:00:30]} 32. Bxg5 {[%emt 0:00:30]} fxg5 {[%emt 0:00:30]} 33. Nxg5 {[%emt 0:00:30]} Rxb7 {[%emt 0:00:30]} 34. Rxb7 {[%emt 0:00:00]} Nxb7 {[%emt 0:00:00]} 35. Nxe6 {[%emt 0:00:00]} Nd6 {[%emt 0:00:00]} 36. Kf1 {[%emt 0:05:30]} Kf7 {[%emt 0:00:30]} 37. Nd8+ {[%emt 0:02:30]} Ke7 {[%emt 0:00:30]} 38. Nc6+ {[%emt 0:00:00]} Kd7 {[%emt 0:00:30]} 39. Na5 {[%emt 0:03:00]} Ke6 {[%emt 0:00:30]} 40. Ke2 {[%emt 0:00:30]} Ne7 {[%emt 0:05:30]} 41. g4 {[%emt 0:06:30]} Kd5 {[%emt 0:00:30]} 42. Ke3 {[%emt 0:01:30]} Nef5+ {[%emt 0:00:30]} 43. gxf5 {[%emt 0:00:00]} Nxf5+ {[%emt 0:00:30]} 44. Kf4 {[%emt 0:01:04]} Nxd4 {[%emt 0:00:00]} 45. Nb7 {[%emt 0:00:26]} Ne6+ {[%emt 0:00:00]} 46. Kf5 {[%emt 0:00:30]} Ng7+ {[%emt 0:00:30]} 47. Kg4 {[%emt 0:00:33]} Ne6 {[%emt 0:00:30]} 48. Na5 {[%emt 0:00:32]} Ke5 {[%emt 0:00:30]} 49. Nc6+ {[%emt 0:00:25]} Kf6 {[%emt 0:00:00]} 50. Nb4 {[%emt 0:00:30]} Ke5 {[%emt 0:00:00]} 51. Nc2 {[%emt 0:01:39]} Kf6 {[%emt 0:01:30]} 52. Ne3 {[%emt 0:00:31]} Ke5 {[%emt 0:00:30]} 53. Nf1 {[%emt 0:00:10]} Kf6 {[%emt 0:00:00]} 54. Ng3 {[%emt 0:00:05]} Ke5 {[%emt 0:00:00]} 55. Nh5 {[%emt 0:00:08]} Ke4 {[%emt 0:00:30]} 56. Nf6+ {[%emt 0:00:30]} Ke5 {[%emt 0:00:00]} 57. Nh7 {[%emt 0:00:27]} Ke4 {[%emt 0:00:00]} 58. f3+ {[%emt 0:00:30]} Ke5 {[%emt 0:00:30]} 59. Ng5 {[%emt 0:00:30]} Ng7 {[%emt 0:00:30]} 60. Ne4 {[%emt 0:05:18]} Nh5 {[%emt 0:00:00]} 61. Kxh5 {[%emt 0:00:07]} Kf5 {[%emt 0:00:00]} 62. Kh6 {[%emt 0:00:00]} Kf4 {[%emt 0:00:00]} 63. Kg6 {[%emt 0:00:11]} 1/2-1/2

[Event "Marmaris Karya IM 2018"]
[Site "Marmaris"]
[Date "2018.06.30"]
[Round "8.3"]
[White "Darban, Morteza"]
[Black "Tanriverdi, Enes"]
[Result "1/2-1/2"]
[WhiteElo "2312"]
[BlackElo "2281"]
[Annotator "TA"]
[PlyCount "125"]
[EventDate "2018.06.25"]
[EventCountry "TUR"]
[SourceTitle "playchess.com"]
[Source "ChessBase"]
[SourceQuality "1"]

{[%evp 23,125,16,7,11,24,0,10,0,33,23,40,41,47,40,50,51,58,63,52,51,117,100,77,72,83,32,29,7,7,7,5,0,0,0,0,0,0,-1,0,0,0,0,0,0,0,0,0,0,0,0,0,0,0,0,0,0,0,0,0,0,0,0,8,8,8,8,8,8,8,8,8,8,8,8,8,8,8,8,8,8,8,8,8,8,8,8,8,8,8,8,8,8,8,8,8,8,8,8,29982,29983,29983,29983,29983,8]} 1. e4 c5 2. Nf3 e6 3. c3 d5 4. exd5 Qxd5 5. d4 Nf6 6. Be3 cxd4 7. cxd4 Bb4+ 8. Nc3 {B22: Sicilian: 2 c3} O-O 9. Bd3 (9. Be2 Nbd7 10. O-O Bxc3 11. bxc3 b6 12. Nd2 Qd6 13. Bf3 Rb8 14. c4 Bb7 15. Bxb7 Rxb7 {1-0 (36) Finkel,A (2511)-Navara,D (2725) Tallinn 2016}) 9... b6 10. O-O Bxc3 11. bxc3 Ba6 12. Bxa6 Nxa6 {LiveBook: 100 Games} 13. Qa4 Qb7 {[#]} 14. Rfd1 $146 ({Predecessor:} 14. c4 Nb8 15. Rfd1 Nbd7 {½-½ (15) Vajda,L (2581)-Banusz,T (2621) Zalakaros 2016}) 14... Nb8 15. Qb3 Nbd7 16. a4 Ne4 17. c4 Rac8 18. Bf4 Ndf6 19. h3 Rfd8 20. a5 h6 21. Rdc1 g5 ({Black should play} 21... Nd7 $14) 22. Be3 Nd6 23. c5 {[%cal Ra5b6]} (23. Rab1 {feels hotter.} Qe7 24. axb6 axb6 25. Qa3 Nd7 26. h4) 23... Nf5 24. axb6 (24. Rcb1 $16) 24... axb6 $14 25. Qxb6 (25. Bd2 {is interesting.} Nd5 26. Rcb1 Rb8 27. Qd3 Qd7 28. h4) 25... Qxb6 26. cxb6 {[#] Hoping for Rxc8.} Rxc1+ 27. Rxc1 Rb8 28. Rb1 Nd5 29. b7 Nd6 30. h4 (30. g4 {keeps more tension.} f5 31. gxf5 exf5 32. h4 g4 33. Ne5) 30... f6 31. hxg5 hxg5 32. Bxg5 fxg5 33. Nxg5 Rxb7 34. Rxb7 Nxb7 35. Nxe6 Nd6 36. Kf1 Kf7 37. Nd8+ Ke7 38. Nc6+ Kd7 39. Na5 Ke6 40. Ke2 Ne7 41. g4 Kd5 42. Ke3 Nef5+ (42... Ng6 {is more complex.} 43. f4 Nh4 44. Nb3 Ng2+ 45. Kf3 Ne1+) 43. gxf5 Nxf5+ $11 {[%mdl 4096] Endgame KN-KN} 44. Kf4 Nxd4 45. Nb7 Ne6+ 46. Kf5 Ng7+ 47. Kg4 Ne6 48. Na5 Ke5 49. Nc6+ Kf6 50. Nb4 Ke5 51. Nc2 Kf6 52. Ne3 Ke5 53. Nf1 Kf6 54. Ng3 Ke5 55. Nh5 Ke4 56. Nf6+ Ke5 57. Nh7 Ke4 58. f3+ Ke5 59. Ng5 {Intending Nxe6 and mate.} Ng7 60. Ne4 Nh5 $2 {[%mdl 8192] [#]} (60... Nf5 $11) 61. Kxh5 {White mates.} Kf5 62. Kh6 Kf4 63. Kg6 $2 {Precision: White = 61%, Black = 68%.} (63. Ng5 {mates} Ke3 64. Kg6 Kf4 65. Kf6 Ke3 66. Ke5 Kf2 67. f4 Ke3 68. f5) 1/2-1/2

[Event "Marmaris Karya IM 2018"]
[Site "Marmaris"]
[Date "2018.06.29"]
[Round "8.4"]
[White "Korneev, Oleg"]
[Black "Arda, Cagil Irmak"]
[Result "1-0"]
[WhiteElo "2517"]
[BlackElo "2257"]
[Annotator "TA"]
[PlyCount "51"]
[EventDate "2018.06.25"]
[EventCountry "TUR"]
[SourceTitle "playchess.com"]
[Source "ChessBase"]
[SourceQuality "1"]

{[%evp 12,51,0,-7,22,17,39,32,60,40,60,60,65,55,72,75,87,79,125,117,126,50,83,84,83,73,278,256,304,252,335,303,309,286,320,326,418,412,788,791,862,854]} 1. e4 e6 2. d4 d5 3. Nc3 Nf6 4. e5 Nfd7 5. Nce2 c5 6. c3 Nc6 7. Nf3 {LiveBook: 202 Partien} a6 {C11: Französische Verteidigung} (7... b5 8. a3 b4 9. axb4 cxb4 10. Nf4 a5 11. Bd3 Ba6 12. O-O Qb6 13. Ng5 Bxd3 14. Qxd3 Be7 15. Qg3 g6 {1-0 (37) Ni,H (2671)-Short,N (2678) Riadh 2017}) 8. a3 b5 9. Nf4 $146 ({Vorgänger:} 9. b4 cxd4 10. cxd4 Nb6 11. Nc3 Be7 12. Bd3 Nc4 13. O-O Qb6 14. Bxc4 bxc4 {½-½ (48) Bustelo,T (2180)-Riverol,J (2269) Montevideo 2000}) 9... Bb7 {Weiß steht etwas besser.} 10. Bd3 g6 11. O-O Be7 12. Be3 Rc8 13. Ne2 Na5 14. Bh6 Bf8 {[#]} 15. Bxf8 $1 Kxf8 16. Nf4 ({Günstiger ist} 16. b4 $16 c4 17. Bc2 (17. bxa5 cxd3 18. Qxd3 Qxa5 $14)) 16... cxd4 17. cxd4 Kg7 18. h4 h6 $2 {[#]} (18... Qe7 $16 {kämpft weiter.}) 19. Bxg6 $1 $18 {[%mdl 512]} Qb6 (19... fxg6 20. Nxe6+) 20. Bc2 b4 21. Ba4 Bc6 22. Nh5+ Kf8 23. axb4 Nc4 24. Bxc6 Rxc6 (24... Qxc6 $142 25. b3 Ncb6 26. Rxa6 Qc2 27. Qxc2 Rxc2) 25. b3 Nb2 26. Qd2 {Precision: Weiß = 74%, Schwarz = 14%.} 1-0

[Event "Marmaris Karya IM 2018"]
[Site "Marmaris"]
[Date "2018.06.30"]
[Round "8.4"]
[White "Korneev, Oleg"]
[Black "Arda, Cagil Irmak"]
[Result "1-0"]
[WhiteElo "2517"]
[BlackElo "2257"]
[Annotator "TA"]
[PlyCount "51"]
[EventDate "2018.06.25"]
[EventCountry "TUR"]
[SourceTitle "playchess.com"]
[Source "ChessBase"]
[SourceQuality "1"]

{[%evp 12,51,0,0,7,2,39,28,54,48,60,54,65,61,70,63,93,92,115,116,120,40,87,82,82,74,262,261,304,262,330,287,318,304,310,270,394,393,790,797,875,867]} 1. e4 e6 2. d4 d5 3. Nc3 Nf6 4. e5 Nfd7 5. Nce2 c5 6. c3 Nc6 7. Nf3 {LiveBook: 204 Partien} a6 {C11: Französische Verteidigung} (7... b5 8. a3 b4 9. axb4 cxb4 10. Nf4 a5 11. Bd3 Ba6 12. O-O Qb6 13. Ng5 Bxd3 14. Qxd3 Be7 15. Qg3 g6 {1-0 (37) Ni,H (2671)-Short,N (2678) Riadh 2017}) 8. a3 b5 9. Nf4 $146 ({Vorgänger:} 9. b4 cxd4 10. cxd4 Nb6 11. Nc3 Be7 12. Bd3 Nc4 13. O-O Qb6 14. Bxc4 bxc4 {½-½ (48) Bustelo,T (2180)-Riverol,J (2269) Montevideo 2000}) 9... Bb7 {Weiß hat minimalen Vorteil.} 10. Bd3 g6 11. O-O Be7 12. Be3 Rc8 13. Ne2 Na5 14. Bh6 Bf8 15. Bxf8 Kxf8 16. Nf4 (16. b4 $16 c4 17. Bc2 (17. bxa5 cxd3 18. Qxd3 Qxa5 $11)) 16... cxd4 17. cxd4 Kg7 18. h4 $36 {[%mdl 2048] Weiss bestimmt, wo es lang geht.} h6 $2 {[#]} (18... Qe7 $16) 19. Bxg6 $1 $18 {[%mdl 512]} Qb6 (19... fxg6 20. Nxe6+) 20. Bc2 b4 21. Ba4 Bc6 22. Nh5+ Kf8 23. axb4 Nc4 (23... Qxb4 $142 24. Qe1 Qxe1 25. Rfxe1 Ke7) 24. Bxc6 Rxc6 $2 {[#]} (24... Qxc6 25. b3 Ncb6 26. Rxa6 Qc2) 25. b3 Nb2 26. Qd2 {Precision: Weiß = 78%, Schwarz =  4%.} 1-0

[Event "Marmaris Karya IM 2018"]
[Site "Marmaris"]
[Date "2018.06.29"]
[Round "8.5"]
[White "Benidze, Davit"]
[Black "Unat, Can Haktan"]
[Result "1-0"]
[WhiteElo "2487"]
[BlackElo "2047"]
[Annotator "TA"]
[PlyCount "103"]
[EventDate "2018.06.25"]
[EventCountry "TUR"]
[SourceTitle "playchess.com"]
[Source "ChessBase"]
[SourceQuality "1"]

{[%evp 19,103,14,6,10,19,-4,0,-22,-13,-20,10,-42,-45,-60,-65,-59,-52,-64,-45,-65,-50,-62,-41,-37,-27,-25,-16,-8,-14,-28,-47,-78,-71,-85,-88,-94,-50,-63,-54,-56,23,28,25,15,35,20,118,35,25,22,61,72,93,88,101,82,146,109,201,200,193,190,584,584,577,582,544,564,548,511,704,744,531,537,787,779,741,673,29980,29981,29981,29980,29984,29985,29983,29982]} 1. Nf3 Nf6 2. g3 d5 3. Bg2 g6 4. O-O Bg7 5. d3 O-O 6. Nbd2 Re8 7. e4 e5 8. exd5 Nxd5 9. Re1 Nd7 10. Nc4 {A07: Barcza-System (Königsfianchetto mit möglichen Übergängen in andere Systeme)} N5b6 {LiveBook: 3 Partien} 11. Na5 c6 $146 ({Vorgänger:} 11... h6 12. Be3 c6 13. Qd2 Kh7 14. c4 Na4 15. Rab1 Nac5 16. b4 Nxd3 17. Qxd3 e4 18. Ng5+ hxg5 19. Bxe4 Qf6 20. f4 gxf4 21. Bxf4 Nf8 22. Rf1 Qd4+ {0-1 (22) Bogdanovski,V (2454)-Lukovic,V (2329) Paracin 2012}) 12. Bg5 {Die Stellung ist ausgeglichen.} Qc7 13. c3 Nf8 14. Qd2 Bf5 15. Rad1 (15. d4 $11) 15... f6 $15 16. Be3 Rad8 17. Qe2 Nd5 18. Nb3 {[%cal Ba5b3,Bb3d2,Bd2c4][%mdl 32]} b6 19. Bc1 a5 20. a4 Qf7 21. Nbd2 Bc8 22. Nc4 Ba6 23. Qc2 Ne6 24. b3 Qc7 25. h4 b5 $1 {[%cal Rb5c4]} 26. Ne3 b4 $1 27. Bd2 bxc3 (27... Nxe3 {is interesting.} 28. Bxe3 c5 29. Kh2 bxc3 30. Qxc3 Rd6) 28. Nxd5 cxd5 29. Qxc3 Qxc3 ({Besser ist} 29... Qf7 $15) 30. Bxc3 $11 Nc5 31. Bxa5 Rc8 32. Nd2 Bb7 {[#]} (32... Kh8 $11 {bleibt in der Remisbreite.}) 33. Nf1 (33. d4 $1 $16 {[%cal Rd4c5]} Nd3 34. Re3) 33... Nxb3 $14 34. Bb6 Nc5 35. a5 $1 Nd7 36. Ne3 Nxb6 37. axb6 Rcd8 (37... e4 $142) 38. Rc1 {Und weiter mit Tc7 wäre nett.} Rd6 (38... Kf8 $16 {ist wohl besser.}) 39. Rc7 $18 Rxb6 40. Nxd5 Bxd5 $2 (40... Rb3 41. h5 Rb8 42. Ne7+ Kh8) 41. Bxd5+ Kh8 {[#]} 42. Ra1 $1 {[%cal Ra1a7]} Rd6 43. Bc4 {Schwarz muss nun Taa7 beachten.} Rdd8 44. Raa7 Rg8 45. Bxg8 Rxg8 {[%mdl 4096] Endspiel KTT-KTL} 46. g4 {[%cal Bg3g4,Bg4g5][%mdl 32]} h5 47. g5 {Weiss will mit gxf6 Matt setzen.} f5 48. Re7 f4 49. Kg2 {Weiß setzt Matt.} f3+ 50. Kh3 e4 51. dxe4 Kh7 52. Rxg7+ {Precision: Weiß = 66%, Schwarz = 43%.} 1-0

[Event "Marmaris Karya IM 2018"]
[Site "Marmaris"]
[Date "2018.06.30"]
[Round "8.5"]
[White "Benidze, Davit"]
[Black "Unat, Can Haktan"]
[Result "1-0"]
[WhiteElo "2487"]
[BlackElo "2047"]
[Annotator "TA"]
[PlyCount "103"]
[EventDate "2018.06.25"]
[EventCountry "TUR"]
[SourceTitle "playchess.com"]
[Source "ChessBase"]
[SourceQuality "1"]

{[%evp 19,103,11,11,0,0,0,-8,-17,-4,-20,0,-29,-33,-56,-55,-66,-83,-70,-64,-59,-53,-56,-22,-36,-31,-29,-18,-16,-11,-59,-44,-91,-70,-87,-75,-91,-36,-76,-52,-68,32,27,21,17,58,54,112,24,29,21,57,54,105,114,124,103,152,108,198,214,207,187,597,597,597,597,597,594,587,583,740,740,660,670,869,829,837,680,29979,1024,29981,29980,29981,29982,29982,29982]} 1. Nf3 Nf6 2. g3 d5 3. Bg2 g6 4. O-O Bg7 5. d3 O-O 6. Nbd2 Re8 7. e4 e5 8. exd5 Nxd5 9. Re1 Nd7 10. Nc4 {A07: Barcza-System (Königsfianchetto mit möglichen Übergängen in andere Systeme)} N5b6 {LiveBook: 3 Partien} 11. Na5 c6 $146 ({Vorgänger:} 11... h6 12. Be3 c6 13. Qd2 Kh7 14. c4 Na4 15. Rab1 Nac5 16. b4 Nxd3 17. Qxd3 e4 18. Ng5+ hxg5 19. Bxe4 Qf6 20. f4 gxf4 21. Bxf4 Nf8 22. Rf1 Qd4+ {0-1 (22) Bogdanovski,V (2454)-Lukovic,V (2329) Paracin 2012}) 12. Bg5 {Die Stellung ist ausgeglichen.} Qc7 13. c3 Nf8 14. Qd2 Bf5 15. Rad1 f6 16. Be3 Rad8 17. Qe2 Nd5 18. Nb3 {[%cal Ba5b3,Bb3d2,Bd2c4][%mdl 32]} b6 19. Bc1 a5 20. a4 Qf7 21. Nbd2 Bc8 22. Nc4 Ba6 23. Qc2 Ne6 24. b3 Qc7 $1 25. h4 b5 $1 {[%cal Rb5c4]} 26. Ne3 b4 $1 27. Bd2 bxc3 (27... Nxe3 $17 28. Bxe3 bxc3 29. Qxc3 Bf8) 28. Nxd5 $15 cxd5 29. Qxc3 Qxc3 (29... Qb7 $15) 30. Bxc3 $14 Nc5 31. Bxa5 Rc8 32. Nd2 Bb7 {[#]} (32... Nxd3 $14 33. Bxd5+ Kh8) 33. Nf1 (33. d4 $1 $16 {[%cal Rd4c5]} exd4 34. Rxe8+ Rxe8 35. Bb6) 33... Nxb3 $11 34. Bb6 Nc5 35. a5 $1 Nd7 ({Besser ist} 35... Na4 $14) 36. Ne3 $16 Nxb6 37. axb6 Rcd8 38. Rc1 Rd6 (38... Re7 $16) 39. Rc7 $18 Rxb6 40. Nxd5 Bxd5 $2 (40... Rb3 {leistet mehr Widerstand.} 41. Ra1 e4) 41. Bxd5+ Kh8 {[#]} 42. Ra1 $1 {[%cal Ra1a7]} Rd6 43. Bc4 {Und weiter mit Taa7 wäre nett.} Rdd8 44. Raa7 Rg8 45. Bxg8 Rxg8 {[%mdl 4096] Endspiel KTT-KTL} 46. g4 {[%cal Bg3g4,Bg4g5][%mdl 32]} h5 47. g5 f5 48. Re7 f4 49. Kg2 f3+ 50. Kh3 {Weiß setzt Matt.} e4 51. dxe4 Kh7 52. Rxg7+ {Precision: Weiß = 65%, Schwarz = 25%.} 1-0

[Event "Marmaris Karya IM 2018"]
[Site "Marmaris"]
[Date "2018.06.30"]
[Round "9.1"]
[White "Can, Isik"]
[Black "Bivol, Alina"]
[Result "0-1"]
[WhiteElo "2396"]
[BlackElo "2365"]
[Annotator "ChessBase"]
[PlyCount "92"]
[EventDate "2018.06.25"]
[EventCountry "TUR"]
[SourceTitle "playchess.com"]
[Source "ChessBase"]
[SourceQuality "1"]
[TimeControl "5400+30"]

1. e4 {[%emt 0:02:30]} e6 {[%emt 0:01:00]} 2. d4 {[%emt 0:00:30]} d5 {[%emt 0:00:00]} 3. Nc3 {[%emt 0:00:00]} Nc6 {[%emt 0:00:00]} 4. Nf3 {[%emt 0:00:00]} Nf6 {[%emt 0:00:00]} 5. Ne2 {[%emt 0:00:00]} Nxe4 {[%emt 0:00:00]} 6. Ng3 {[%emt 0:00:00]} f5 {[%emt 0:00:00]} 7. Nh5 {[%emt 0:02:30]} g6 {[%emt 0:00:00]} 8. Nf4 {[%emt 0:00:00]} Be7 {[%emt 0:00:00]} 9. h4 {[%emt 0:02:00]} O-O {[%emt 0:05:00]} 10. c3 {[%emt 0:11:30]} a5 {[%emt 0:04:30]} 11. Bd3 {[%emt 0:05:30]} Nb8 {[%emt 0:05:30]} 12. g4 {[%emt 0:29:30]} fxg4 {[%emt 0:10:30]} 13. Bxe4 {[%emt 0:09:30]} dxe4 {[%emt 0:00:30]} 14. Ng5 {[%emt 0:00:00]} Bxg5 {[%emt 0:01:30]} 15. hxg5 {[%emt 0:00:00]} Qe7 {[%emt 0:06:30]} 16. Be3 {[%emt 0:05:30]} c5 {[%emt 0:08:30]} 17. Qxg4 {[%emt 0:08:30]} cxd4 {[%emt 0:01:30]} 18. cxd4 {[%emt 0:00:30]} Nc6 {[%emt 0:05:30]} 19. O-O-O {[%emt 0:00:30]} Nb4 {[%emt 0:00:30]} 20. Kb1 {[%emt 0:00:00]} Nd5 {[%emt 0:06:30]} 21. Ne2 {[%emt 0:05:06]} a4 {[%emt 0:07:30]} 22. Rc1 {[%emt 0:07:29]} Bd7 {[%emt 0:03:30]} 23. Ng3 {[%emt 0:03:01]} Bb5 {[%emt 0:00:30]} 24. Nxe4 {[%emt 0:00:35]} Bd3+ {[%emt 0:00:00]} 25. Ka1 {[%emt 0:00:00]} Bxe4 {[%emt 0:00:00]} 26. Qxe4 {[%emt 0:00:02]} a3 {[%emt 0:00:30]} 27. b3 {[%emt 0:00:34]} Rac8 {[%emt 0:03:30]} 28. Qd3 {[%emt 0:04:02]} Nb4 {[%emt 0:03:30]} 29. Qd2 {[%emt 0:00:53]} Nd5 {[%emt 0:02:30]} 30. Qd3 {[%emt 0:01:53]} Nb4 {[%emt 0:01:30]} 31. Qe4 {[%emt 0:01:43]} Nd5 {[%emt 0:00:00]} 32. Rc4 {[%emt 0:00:55]} Nb6 {[%emt 0:11:38]} 33. Rcc1 {[%emt 0:01:06]} Nd5 {[%emt 0:00:06]} 34. Rc4 {[%emt 0:00:28]} Nb6 {[%emt 0:00:14]} 35. Rc5 {[%emt 0:00:07]} Rxc5 {[%emt 0:00:00]} 36. dxc5 {[%emt 0:00:33]} Nd5 {[%emt 0:00:13]} 37. Qc4 {[%emt 0:00:56]} Qc7 {[%emt 0:00:29]} 38. Qe4 {[%emt 0:00:15]} Nxe3 {[%emt 0:05:21]} 39. Qxe3 {[%emt 0:00:42]} Rf3 {[%emt 0:00:52]} 40. Qd4 {[%emt 0:00:36]} Rd3 {[%emt 0:00:27]} 41. Qf4 {[%emt 0:00:27]} Qxc5 {[%emt 0:04:13]} 42. Kb1 {[%emt 0:00:00]} Qd5 {[%emt 0:01:22]} 43. Qc1 {[%emt 0:00:02]} Qe4 {[%emt 0:00:29]} 44. Ka1 {[%emt 0:01:12]} Qe5+ {[%emt 0:01:12]} 45. Kb1 {[%emt 0:00:01]} Rc3 {[%emt 0:01:52]} 46. Qd1 {[%emt 0:00:24]} Rc8 {[%emt 0:00:14]} 0-1

[Event "Marmaris Karya IM 2018"]
[Site "Marmaris"]
[Date "2018.06.29"]
[Round "9.1"]
[White "Darban, Morteza"]
[Black "Can, Isik"]
[Result "1/2-1/2"]
[WhiteElo "2312"]
[BlackElo "2396"]
[Annotator "NA"]
[PlyCount "28"]
[EventDate "2018.06.25"]
[EventCountry "TUR"]
[SourceTitle "playchess.com"]
[Source "ChessBase"]
[SourceQuality "1"]
[TimeControl "5400+30"]

{[%evp 13,28,-11,32767,32767,0,0,0,0,0,32767,32767,32767,32767,32767,32767,0,0]} 1. e4 {[%emt 0:00:30]} e5 {[%emt 0:01:00]} 2. Nf3 {[%emt 0:00:30]} Nc6 {[%emt 0:00:30]} 3. Bb5 {[%emt 0:02:30]} a6 {[%emt 0:00:00]} 4. Bxc6 {[%emt 0:01:30]} dxc6 {[%emt 0:02:00]} 5. O-O {[%emt 0:00:00]} Bg4 {[%emt 0:00:30]} 6. h3 {[%emt 0:02:00]} h5 {[%emt 0:01:30]} 7. c3 {[%emt 0:01:30]} ({But not} 7. hxg4 hxg4 8. g3 gxf3 $17) 7... Qd3 {[%emt 0:00:30]} 8. hxg4 {[%emt 0:02:30]} hxg4 {[%emt 0:01:30]} 9. Nxe5 {[%emt 0:01:30]} Bd6 $1 {[%emt 0:00:00]} 10. Nxd3 {[%emt 0:01:30]} Bh2+ {[%emt 0:00:00] LiveBook: 353 Games} 11. Kh1 {[%emt 0:00:00]} Bg3+ {[%emt 0:00:00]} 12. Kg1 {[%emt 0:00:00]} Bh2+ {[%emt 0:00:00]} 13. Kh1 {[%emt 0:00:00]} Be5+ {[%emt 0:00:30]} 14. Kg1 {[%emt 0:00:00]} Bh2+ $11 {[%emt 0:00:00]} 1/2-1/2